| 000 | 00322nam a22001097a 4500 | ||
|---|---|---|---|
| 008 | 160624b xxu||||| |||| 00| 0 eng d | ||
| 100 |
_9948 _aLehmann, W, P |
||
| 245 | _aHistorical Linguistics: An Introduction | ||
| 260 |
_aN.D _b Oxford & IBH Pub. _c1962 |
||
| 300 | _aHistorical Linguistics: An Introduction | ||
| 942 |
_2ddc _cBK |
||
| 999 |
_c756 _d756 |
||